DIALOGOS CON LOS JOVENES (Registro nro. 43973)
[ vista simple ]
| 000 -LEADER | |
|---|---|
| fixed length control field | 00601nam a2200181 a 4500 |
| 001 - CONTROL NUMBER | |
| control field | 43973 |
| 005 - DATE AND TIME OF LATEST TRANSACTION | |
| control field | 20180714022656.0 |
| 008 - FIXED-LENGTH DATA ELEMENTS--GENERAL INFORMATION | |
| fixed length control field | 140415s2001 mx 000 0 spa d |
| 041 ## - LANGUAGE CODE | |
| Language code of text/sound track or separate title | spa |
| 082 ## - DEWEY DECIMAL CLASSIFICATION NUMBER | |
| Classification number | 808.8026 |
| Item number | MUN |
| 100 1# - MAIN ENTRY--PERSONAL NAME | |
| Personal name | MUÑOZ COTA, JOSÉ |
| 245 10 - TITLE STATEMENT | |
| Title | DIALOGOS CON LOS JOVENES |
| 250 ## - EDITION STATEMENT | |
| Edition statement | 1a ed. |
| 260 ## - PUBLICATION, DISTRIBUTION, ETC. | |
| Place of publication, distribution, etc. | MEXICO : |
| Name of publisher, distributor, etc. | JOSÉ MUÑOZ COTA, |
| Date of publication, distribution, etc. | 2001 |
| 300 ## - PHYSICAL DESCRIPTION | |
| Extent | 227 |
| Dimensions | x 14 x 21 |
| 520 ## - SUMMARY, ETC. | |
| Summary, etc. | EXISTE UNA FORMA AGIL DE DE ACCEDER AL PENSAMIENTO DE LOS JOVENES, ATRAVIESAS EL ESPACIO COMO UN RAYO PORQUE SUPONE UN CAMINO FRAGIL DE LIMPIA EXPRESION |
| 650 14 - SUBJECT ADDED ENTRY--TOPICAL TERM | |
| Topical term or geographic name entry element | DIALOGOS |
| Withdrawn status | Lost status | Source of classification or shelving scheme | Damaged status | Not for loan | Collection code | Home library | Current library | Shelving location | Date acquired | Source of acquisition | Inventory number | Total Checkouts | Full call number | Barcode | Date last seen | Price effective from | Koha item type |
|---|---|---|---|---|---|---|---|---|---|---|---|---|---|---|---|---|---|
| Dewey Decimal Classification | General | Biblioteca Karol Wojtyla | Biblioteca Karol Wojtyla | Sala general | 03/12/2013 | Compra | 151000000000000000032061 | 808.8026 MUN | 66112 | 05/01/2026 | 03/12/2013 | Libro |